| 000 | 00545nam a2200157Ia 4500 | ||
|---|---|---|---|
| 008 | 151213s9999 xx 000 0 und d | ||
| 100 | _aএম মআর আখতার মুকুল | ||
| 245 |
_aআমি বিজয় দেখেছি _cএম মআর আখতার মুকুল |
||
| 250 | _a১ম সং | ||
| 260 |
_aঢাকা _bমনিরুল হক _c1985 |
||
| 300 | _a8358 p. | ||
| 650 | _aBangla | ||
| 650 | _a্ইতিহাস | ||
| 700 | _aএম মআর আখতার মুকুল | ||
| 999 |
_c4198 _d4198 |
||